LEADER 01017nam a2200277 i 4500 001 991001110649707536 005 20020502183715.0 008 981210s1990 it ||| | ita 020 $a8820436612 035 $ab1146527x-39ule_inst 035 $aPRUMB55105$9ExL 040 $aDip. SSSC$bita 082 0 $a306.27 100 1 $aNuciari, Marina$0527043 245 10$aEfficienza e forze armate :$bla ricerca sociologica sull'istituzione militare /$cMarina Nuciari ; scritti di :$bJ. Faris ... [et al.] ; prefazione di Guido F. Sertorio 260 $aMilano :$bAngeli,$c1990 300 $a421 p. ;$c22 cm. 440 3$aLa società ;$v122 650 4$aForze armate$xSociologia 700 1 $aFaris, J. 907 $a.b1146527x$b02-04-14$c01-07-02 912 $a991001110649707536 945 $aLE021 NHD10$g1$i2021000021961$lle021$o-$pE0.00$q-$rl$s- $t0$u2$v0$w2$x0$y.i11653760$z01-07-02 996 $aEfficienza e forze armate$9811497 997 $aUNISALENTO 998 $ale021$b01-01-98$cm$da $e-$fita$git $h0$i1 LEADER 04270nam 22007215 450 001 9910483414903321 005 20251226193535.0 010 $a3-319-07788-0 024 7 $a10.1007/978-3-319-07788-8 035 $a(CKB)3710000000119180 035 $a(DE-He213)978-3-319-07788-8 035 $a(SSID)ssj0001242091 035 $a(PQKBManifestationID)11739127 035 $a(PQKBTitleCode)TC0001242091 035 $a(PQKBWorkID)11259962 035 $a(PQKB)11120839 035 $a(MiAaPQ)EBC3092955 035 $a(PPN)178783048 035 $a(EXLCZ)993710000000119180 100 $a20140517d2014 u| 0 101 0 $aeng 135 $aurnn#008mamaa 181 $ctxt$2rdacontent 182 $cc$2rdamedia 183 $acr$2rdacarrier 200 10$aDistributed, Ambient, and Pervasive Interactions $eSecond International Conference, DAPI 2014, Held as Part of HCI International 2014, Heraklion, Crete, Greece, June 22-27, 2014, Proceedings /$fedited by Norbert Streitz, Panos Markopoulos 205 $a1st ed. 2014. 210 1$aCham :$cSpringer International Publishing :$cImprint: Springer,$d2014. 215 $a1 online resource (XXIV, 643 p. 284 illus.) 225 1 $aInformation Systems and Applications, incl. Internet/Web, and HCI,$x2946-1642 ;$v8530 300 $aBibliographic Level Mode of Issuance: Monograph 311 08$a3-319-07787-2 327 $aDesign frameworks and models for intelligent interactive environments -- Natural interaction -- Cognitive, perceptual and emotional issues in ambient intelligence -- User experience in intelligent environments -- Developing distributed, pervasive and intelligent environments -- Smart cities. 330 $aThis book constitutes the refereed proceedings of the Second International Conference on Distributed, Ambient, and Pervasive Interactions, DAPI 2014, held as part of the 16th International Conference on Human-Computer Interaction, HCII 2014, held in Heraklion, Crete, Greece in June 2014, jointly with 13 other thematically conferences. The total of 1476 papers and 220 posters presented at the HCII 2014 conferences were carefully reviewed and selected from 4766 submissions. These papers address the latest research and development efforts and highlight the human aspects of design and use of computing systems. The papers accepted for presentation thoroughly cover the entire field of Human-Computer Interaction, addressing major advances in knowledge and effective use of computers in a variety of application areas. The 58 papers included in this volume are organized in topical sections on design frameworks and models for intelligent interactive environments; natural interaction; cognitive, perceptual and emotional issues in ambient intelligence; user experience in intelligent environments; developing distributed, pervasive and intelligent environments; smart cities. 410 0$aInformation Systems and Applications, incl. Internet/Web, and HCI,$x2946-1642 ;$v8530 606 $aUser interfaces (Computer systems) 606 $aHuman-computer interaction 606 $aComputers and civilization 606 $aApplication software 606 $aInformation storage and retrieval systems 606 $aUser Interfaces and Human Computer Interaction 606 $aComputers and Society 606 $aComputer and Information Systems Applications 606 $aInformation Storage and Retrieval 615 0$aUser interfaces (Computer systems) 615 0$aHuman-computer interaction. 615 0$aComputers and civilization. 615 0$aApplication software. 615 0$aInformation storage and retrieval systems. 615 14$aUser Interfaces and Human Computer Interaction. 615 24$aComputers and Society. 615 24$aComputer and Information Systems Applications. 615 24$aInformation Storage and Retrieval. 676 $a004.019 702 $aStreitz$b Norbert$4edt$4http://id.loc.gov/vocabulary/relators/edt 702 $aMarkopoulos$b Panos$4edt$4http://id.loc.gov/vocabulary/relators/edt 801 0$bMiAaPQ 801 1$bMiAaPQ 801 2$bMiAaPQ 906 $aBOOK 912 $a9910483414903321 996 $aDistributed, Ambient and Pervasive Interactions$91922166 997 $aUNINA